| 000 | 00777nam a2200253Ia 4500 | ||
|---|---|---|---|
| 003 | OSt | ||
| 005 | 20220927105716.0 | ||
| 006 | a|||||r|||| 00| 0 | ||
| 007 | ta | ||
| 008 | 220926b |||||||| |||| 00| 0 eng d | ||
| 024 | _a200887 | ||
| 037 | _cReference Collections | ||
| 040 |
_aRTL _cRTL _beng |
||
| 041 |
_2eng _aeng |
||
| 082 | _a"a49t,12.N73-N47, L5.5/RR" | ||
| 100 |
_aVirendra Kumar _9374294 |
||
| 245 | 0 | _aCommittees and Commissions in India | |
| 260 |
_aDelhi _bConcept Publishing Company _c1977 |
||
| 300 |
_a293p _ccm. |
||
| 500 | _aBibliography: P 317-36 | ||
| 650 |
_aCommittes and Commissions _9374295 |
||
| 942 |
_h"a49t,12.N73-N47, L5.5/RR" _cCC |
||
| 999 |
_c693997 _d693997 |
||